Da compagnia aerea a paese - Statistics

Statistiche generali
  • Questo quiz è stato fatto 53 volte
  • Il punteggio medio è 9 su 15
Statistiche sulle risposte
Compagnia aerea Paese % Corretto
Lufthansa Germania
94%
IndiGo India
92%
AirDolomiti Italia
90%
Delta Airlines Stati Uniti
90%
Chatay Pacific Cina
84%
Nile Air Egitto
71%
Peach Aviation Giappone
71%
Qantas Australia
69%
Jet2.com Regno Unito
67%
Aegean Grecia
55%
T'way Air Corea del Sud
45%
GOL Brasile
39%
Luxair Lussemburgo
31%
Smartwings Repubblica Ceca
20%
Jetstar Asia Singapore
14%
Nessun quiz corrispondente trovato
Distribuzione punteggi
Percentuale di utenti per punteggio
Percentile per numero di risposta
I tuoi punteggi nel tempo
Non hai fatto questo quiz